Southville International School and Colleges
Your cart is empty.
  • Cart
  • Lists
    Public lists Eva Luna New books Lux_list list_1
    Your lists Log in to create your own lists
  • Log in to your account
  • Your cookies
  • Search history
Southville International School and Colleges
  • Advanced search
  • Recent comments
  • Most popular
  • Libraries

Log in to your account

Log in with GOOGLE


If you do not have an external account, but do have a local account, you can still log in:

  1. Home
  2. MARC view: Anne of the Green Gables /
Normal view MARC view ISBD view

Anne of the Green Gables / (Record no. 287944)

[ view plain ]
MARC details
000 -LEADER
fixed length control field 00605nam a2200181Ia 4500
008 - FIXED-LENGTH DATA ELEMENTS--GENERAL INFORMATION
fixed length control field 150610s9999 xx 000 0 und d
020 ## - INTERNATIONAL STANDARD BOOK NUMBER
International Standard Book Number 1853261394
050 ## - LIBRARY OF CONGRESS CALL NUMBER
Classification number PZ7
Item number .M767 1994
100 ## - MAIN ENTRY--PERSONAL NAME
Personal name Montgomery, Lucy Maud
245 ## - TITLE STATEMENT
Title Anne of the Green Gables /
Statement of responsibility, etc L. M Montgomery.
260 ## - PUBLICATION, DISTRIBUTION, ETC. (IMPRINT)
Place of publication, distribution, etc Great Britain :
Name of publisher, distributor, etc Wordsworth Classics,
Date of publication, distribution, etc 1994.
300 ## - PHYSICAL DESCRIPTION
Extent 280pages ;
Dimensions 18 cm.
520 ## - SUMMARY, ETC.
Summary, etc Fiction.
650 ## - SUBJECT ADDED ENTRY--TOPICAL TERM
Topical term or geographic name as entry element Canada-History-1867-1914
Topical term following geographic name as entry element Fiction.
650 ## - SUBJECT ADDED ENTRY--TOPICAL TERM
Topical term or geographic name as entry element Country life-Prince Edward Island
General subdivision Fiction.
650 ## - SUBJECT ADDED ENTRY--TOPICAL TERM
Topical term or geographic name as entry element Friendship
General subdivision Fiction.
650 ## - SUBJECT ADDED ENTRY--TOPICAL TERM
Topical term or geographic name as entry element Prince Edward Island-History-20th century
Topical term following geographic name as entry element Fiction.
Holdings
Withdrawn status Lost status Damaged status Home library Current library Shelving location Date acquired Total Checkouts Full call number Barcode Date last seen Price effective from Koha item type
      Stonyhurst Southville International School (Batangas) Stonyhurst Southville International School (Batangas) High School Section 06/10/2015    PZ7 .M767 1994 US-0834 06/10/2015 06/10/2015 Books

Anne of the Green Gables /

APA

Montgomery L. M., . (1994). Anne of the Green Gables. Great Britain: Wordsworth Classics.

Chicago

Montgomery Lucy Maud, . 1994. Anne of the Green Gables. Great Britain: Wordsworth Classics.

Harvard

Montgomery L. M., . (1994). Anne of the Green Gables. Great Britain: Wordsworth Classics.

MLA

Montgomery Lucy Maud, . Anne of the Green Gables. Great Britain: Wordsworth Classics. 1994.

  • Place hold
  • Print
  • Cite
  • Add to your cart (remove)
  • Save record
    BIBTEX Dublin Core MARCXML MARC (non-Unicode/MARC-8) MARC (Unicode/UTF-8) MARC (Unicode/UTF-8, Standard) MODS (XML) RIS
  • More searches
    Search for this title in:
    Other Libraries (WorldCat) Other Databases (Google Scholar) Online Stores (Bookfinder.com) Open Library (openlibrary.org)

Exporting to Dublin Core...

SOUTHVILLE LIBRARY

Southville International School and Colleges Library

1281 Tropical Ave. Cor. Luxembourg St., BF Homes International, Las Pinas City

Tel. No. 8256374 / 252358 Loc. 117/146

Powered by Koha